[Event "RUS-ch 66th"]
[Site "Nizhnij Novgorod"]
[Date "2013.10.14"]
[Round "9"]
[White "Inarkiev, Ernesto"]
[Black "Goganov, Aleksey"]
[Result "1-0"]
[WhiteElo "2695"]
[BlackElo "2575"]
[PlyCount "101"]
[EventDate "2013.10.05"]
[EventType "tourn"]
[EventRounds "9"]
[EventCountry "RUS"]
[EventCategory "18"]
[SourceTitle "CBM 157"]
[Source "ChessBase"]
[SourceDate "2013.11.12"]
[SourceVersion "1"]
[SourceVersionDate "2013.11.12"]
[SourceQuality "1"]

1. d4 Nf6 2. Nf3 g6 3. c4 Bg7 4. Nc3 O-O 5. e4 d6 6. Be2 e5 7. d5 a5 8. h3 Nh5
9. g3 f5 10. exf5 gxf5 11. Ng5 Nf6 12. Be3 Na6 13. Qd2 Nc5 14. O-O-O a4 15. Qc2
Qe7 16. Rhg1 a3 17. b4 Na6 18. b5 Nc5 19. g4 e4 20. Rg2 f4 21. Bxf4 Nxg4 22.
Bd2 Nxf2 23. Rdg1 Nfd3+ 24. Kb1 Nb4 25. Ne6 Bxe6 26. Rxg7+ Qxg7 27. Rxg7+ Kxg7
28. Qc1 Bf5 29. Be3 Bg6 30. h4 h5 31. Qg1 Rf5 32. Bxc5 dxc5 33. Qxc5 Nd3 34.
Qxc7+ Rf7 35. Qg3 Nf4 36. Bd1 Re8 37. Qe3 Ng2 38. Qd4+ Kh7 39. Kc2 e3+ 40. Kb3
Nf4 41. d6 Nd3 42. Kxa3 Ra8+ 43. Na4 Rf4 44. Qxe3 Rxc4 45. Qe7+ Kh6 46. d7 Rd4
47. Qe3+ Rf4 48. Bc2 b6 49. Bxd3 Raxa4+ 50. Kb2 Bxd3 51. d8=Q 1-0

[Event "RUS-ch 66th"]
[Site "Nizhnij Novgorod"]
[Date "2013.10.14"]
[Round "9"]
[White "Karjakin, Sergey"]
[Black "Svidler, Peter"]
[Result "1/2-1/2"]
[WhiteElo "2762"]
[BlackElo "2740"]
[Annotator "Friedel,J"]
[PlyCount "99"]
[EventDate "2013.10.05"]
[EventType "tourn"]
[EventRounds "9"]
[EventCountry "RUS"]
[EventCategory "18"]
[SourceTitle "CBM 157"]
[Source "ChessBase"]
[SourceDate "2013.11.12"]
[SourceVersion "1"]
[SourceVersionDate "2013.11.12"]
[SourceQuality "1"]

1. d4 Nf6 2. c4 g6 3. Nc3 d5 4. cxd5 Nxd5 5. e4 Nxc3 6. bxc3 Bg7 7. Nf3 c5 8.
Rb1 {Karjakin is not one to shun the main lines, even against a Grünfeld
specialist such as Svidler.} O-O 9. Be2 cxd4 10. cxd4 Qa5+ 11. Bd2 Qxa2 12. O-O
Bg4 13. Be3 Nc6 14. d5 Na5 15. Bg5 b6 {This move, which has been played a
couple times already by Svidler himself, looks kinda obnoxious. Bxe7? What
Bxe7? In all seriousness though, gambiting this pawn is not all that unusual
in the Grünfeld.} (15... Qa3 {is the older and more common move, pretending
that Bxe7 is actually a threat.}) 16. Bxe7 Rfe8 17. d6 Nc6 18. Bb5 Nxe7 19.
Bxe8 Rxe8 20. dxe7 Qa3 21. h3 Bxf3 22. Qxf3 Qxe7 {After a fairly forced
sequence of events, this interesting position has been reached. White has
snagged an exchange, but it wasn't for free. It not only cost a pawn, but
White's most dangerous one (the d-pawn). In addition, the outside connected
passers could become dangerous one day. If you want my theoretical opinion, I
don't think Black should have serious problems here.} 23. Rfe1 {This is the
first new move. While this move may look fairly simple, it allows Black to
reposition his bishop to a more useful square.} (23. Rfd1 {Shulman's move
stopped the immediate ...Bd4 but Svidler got his bishop to c5 in another way
an easily made a draw.} Bf8 24. Rd4 Qe6 25. Qb3 Qxb3 26. Rxb3 Bc5 27. Ra4 a5
28. Kf1 Bb4 29. Rbxb4 axb4 30. Rxb4 Re6 31. Ke2 Kf8 32. Ke3 Rc6 33. f4 {
1/2-1/2 (33) Shulman,Y (2617)-Svidler,P (2739) Ningbo 2011}) 23... Bd4 24. Rbd1
Qe5 25. Qd3 Bc5 26. Qa6 {White temporarily stops a5, which would solidify
Black's queenside completely.} Re7 27. Re2 h5 {In such a position it can be
difficult to do anything serious with your pieces, so Svidler simply improves
his kingside.} 28. Rd5 Qe6 29. Rd8+ Kg7 30. Qa1+ Qe5 {There was no good way to
avoid the queen trade, but Black shouldn't really object to it much, as his
queenside will be more dangerous then. The main drawback will be that White
can more easily advance his kingside.} 31. Qxe5+ Rxe5 32. Kf1 a5 33. Ra8 {
The rook here is quite effective at halting Black's queenside march.} g5 {
Svidler aims to prevent f4-e5 ideas.} 34. f3 h4 35. Rd2 f5 36. exf5 (36. Rd5 {
had to be calculated, and after} Kf6 (36... Rxd5 $2 {would not be recommended,
as after} 37. exd5 Kf6 38. Re8 $1 a4 39. Re6+ Kf7 40. Ke2 a3 41. Kd3 {and
White is winning, since a2 can be answered easily with Re1. The key is that
Black's king is stuck out of the action while White's is in ideal position})
37. Rxe5 Kxe5 38. exf5 Kxf5 39. Ke2 Kf4 {is a draw, since neither side can
really make progress. Black's king will stick to the kingside, thus forcing
White's king to do the same, and meanwhile the rook on a8 keeps Black's
queenside from advancing.}) 36... Kf6 37. g4 {This move isn't necessary, but
it doesn't change much.} hxg3 38. Kg2 Kxf5 39. Kxg3 Re1 {Neither side can
really make progress here.} 40. Rd5+ Re5 (40... Kf6 {would also be a simple
draw, as after} 41. f4 gxf4+ 42. Kxf4 Rf1+ 43. Kg4 Rg1+ 44. Kh5 Rh1 {White has
no real way to make progress.}) 41. Rxe5+ Kxe5 42. Kg4 Be3 {The only danger to
Black is if White manages to create a kingside passer and get it far advanced.
White's main potential hazard would be if Black's king could support the
queenside pawns. Both are pipe dreams.} 43. Rd8 b5 44. Rb8 b4 45. Rb5+ Kd4 46.
Rxa5 {White has snagged a pawn, but the b-pawn is dangerous enough he'll have
to sac the rook for the other pawn.} b3 47. Rb5 Kc4 48. Rxb3 Kxb3 49. h4 gxh4
50. Kxh4 {And thus Svidler ensures at least a tie for first.} 1/2-1/2

[Event "RUS-ch 66th"]
[Site "Nizhnij Novgorod"]
[Date "2013.10.05"]
[Round "1"]
[White "Kramnik, Vladimir"]
[Black "Shomoev, Anton"]
[Result "1-0"]
[WhiteElo "2796"]
[BlackElo "2579"]
[Annotator "Ramirez Alvarez,A"]
[PlyCount "51"]
[EventDate "2013.10.05"]
[EventType "tourn"]
[EventRounds "9"]
[EventCountry "RUS"]
[EventCategory "18"]
[SourceTitle "CBM 157"]
[Source "ChessBase"]
[SourceDate "2013.11.12"]
[SourceVersion "1"]
[SourceVersionDate "2013.11.12"]
[SourceQuality "1"]

1. Nf3 Nf6 2. g3 b6 3. Bg2 Bb7 4. O-O e6 5. d3 {Eine einigermaßen
zurückhaltende Eröffungsbehandlung. Natürlich führt das einfache 5.d4 mit
Zugumstellung in damenindische Gewässer, denn früher oder später muss Weiß
auch noch c4 ziehen, wonach ein Dameninder auf dem Brett steht. Aber Kramnik
hat andere Pläne. d3 stellt die Drohung e4 auf, wobei nicht klar ist, wie
stark diese Drohung eigentlich ist - auf jeden Fall unterbindet sie Shomoev
sofort.} d5 6. Nbd2 g6 $5 {Natürlicher war es, den Läufer nach e7 zu spielen,
aber mit dem Doppelfianchetto hofft Shomoev für den Preis einiger Tempi aktive
Figuren zu bekommen.} 7. c4 (7. b3 Bg7 8. Bb2 c5 9. e3 {endete nur wenig
später in der auch in diesem Jahr gespielten Partie Jakovenko-Riazantsev mit
Remis.}) 7... Bg7 8. b4 $5 {Und das Spiel ist eröffnet! Weiß expandiert
aggressiv am Damenflügel, aber öffnet dabei die Diagonale des gefährlichen
Läufers auf g7. Was Schwarz auch hätte ignorieren können.} Ne4 (8... O-O 9. Bb2
Nbd7 10. b5 $5 {ist vielleicht ein bisschen angenehmer für Weiß, der außerdem
einfach mit 10.Tc1 seine Entwicklung fortsetzen könnte.}) 9. cxd5 $5 exd5 (9...
Bxa1 10. Nxe4 {und die Drohung Lg5 ist bereits zu stark: Weiß steht auf Gewinn.
}) 10. Nb3 $5 {Weiß opfert eine ganze Qualität, aber erhält dafür
Entwicklungsvorsprung und gefährliches Spiel auf den schwarzen Feldern.} Bxa1 {
Den Springer von e4 zurückzuziehen ist definitiv keine Option.} 11. Nxa1 Nd6
12. Bg5 f6 13. Bf4 a5 $1 {Geht sofort zum Gegenangriff über und verschafft
Schwarz gewisse Bewegungsfreiheit.} 14. bxa5 Rxa5 15. Qc2 c5 16. Nb3 Ra7 17.
Nxc5 $5 {Ich weiß nicht genau, wie gut dieser Zug eigentlich ist, aber Weiß
erhöht den Druck! Schwarz hat einen ganzen Turm für nur zwei Bauern, aber
seine Stellung ist schwer zu spielen.} bxc5 18. Qxc5 Ra6 {Erzwungen, nach
allen anderen Zügen steht Weiß bereits besser.} (18... Nc8 19. Bxb8 $16) 19.
Rb1 Nd7 (19... Ba8 {hätte das weiße Vorgehen wirklich auf die Probe gestellt.}
20. Nd4 Nd7 21. Qb4 Qe7 {und Schwarz beginnt sich zu konsolidieren.}) 20. Qe3+
Kf7 $2 {Schließlich unterläuft Schwarz ein schwerer Fehler.} ({Nach} 20... Qe7
21. Bxd6 Qxe3 22. fxe3 Ba8 23. Bb4 Rxa2 24. Bh3 {hat Schwarz immer noch
Materialvorteil, aber ganz sicher nicht genug, um Vorteil reklamieren zu
können; wenn überhaupt, dann hat Weiß die besseren Chancen in dieser Stellung.}
) 21. Bxd6 Ba8 (21... Rxd6 22. Rxb7 {und die Initiative wird allmählich immer
größer.}) 22. Qf4 Re8 23. Nd4 {Jetzt, wo das materielle Gleichgewicht
wiederhergestellt ist, steht Weiß offenkundig besser, aber die Partie ist noch
nicht vorbei.} Rxa2 $2 (23... Kg8 $1 {war der entscheidende Verteidigungszug,
der Shomoev am Leben gehalten hätte.}) 24. Bh3 $1 {Jetzt bricht die schwarze
Stellung zusammen.} Raxe2 (24... f5 25. Rc1 {would have lastest a few more
hätte ein paar Züge länger gedauert, aber mit dem weißen Turm auf der siebten
Reihe kann sich Schwarz wahrscheinlich nicht lange halten.}) 25. Nxe2 Rxe2 26.
Qh6 (26. Qh6 Nf8 27. Bg4 $1 Re8 28. Bxf8 $18) 1-0

[Event "RUS-ch 66th"]
[Site "Nizhnij Novgorod"]
[Date "2013.10.11"]
[Round "6"]
[White "Kramnik, Vladimir"]
[Black "Inarkiev, Ernesto"]
[Result "1-0"]
[WhiteElo "2796"]
[BlackElo "2695"]
[PlyCount "103"]
[EventDate "2013.10.05"]
[EventType "tourn"]
[EventRounds "9"]
[EventCountry "RUS"]
[EventCategory "18"]
[SourceTitle "CBM 157"]
[Source "ChessBase"]
[SourceDate "2013.11.12"]
[SourceVersion "1"]
[SourceVersionDate "2013.11.12"]
[SourceQuality "1"]

1. e4 c5 2. b3 Nc6 3. Bb2 d5 4. exd5 Qxd5 5. Nc3 Qe5+ 6. Qe2 Qxe2+ 7. Ngxe2 Bf5
8. O-O-O O-O-O 9. g3 e5 10. f4 exf4 11. Nxf4 Nf6 12. Bc4 Nd4 13. d3 Bd6 14.
Rdf1 Bd7 15. Nce2 Bxf4+ 16. Nxf4 Bc6 17. Rhg1 Rd7 18. Bxd4 cxd4 19. b4 b5 20.
Bb3 Ng4 21. Nh5 Nxh2 22. Rf2 Ng4 23. Rf4 f5 24. Be6 g6 25. Ng7 Ne5 26. Re1 Nf3
27. Re2 Rhd8 28. Bxd7+ Rxd7 29. Ne6 Rd6 30. Nf8 h5 31. Re6 Rxe6 32. Nxe6 Bd7
33. Nf8 Ng1 34. Kd1 Be8 35. Rxd4 Nf3 36. Rd6 g5 37. Ne6 Bd7 38. Nc5 Be8 39. Re6
Kd8 40. Nb7+ Kd7 41. Re3 g4 42. Nc5+ Kd8 43. Ne6+ Kd7 44. Nf4 Bf7 45. d4 h4 46.
Rxf3 gxf3 47. gxh4 Bxa2 48. Ke1 Ke7 49. d5 Kd6 50. h5 Ke5 51. h6 Kxf4 52. Kf2
1-0

[Event "RUS-ch 66th"]
[Site "Nizhnij Novgorod"]
[Date "2013.10.08"]
[Round "4"]
[White "Kramnik, Vladimir"]
[Black "Goganov, Aleksey"]
[Result "1-0"]
[WhiteElo "2796"]
[BlackElo "2575"]
[Annotator "Ramirez Alvarez,A"]
[PlyCount "143"]
[EventDate "2013.10.05"]
[EventType "tourn"]
[EventRounds "9"]
[EventCountry "RUS"]
[EventCategory "18"]
[SourceTitle "CBM 157"]
[Source "ChessBase"]
[SourceDate "2013.11.12"]
[SourceVersion "1"]
[SourceVersionDate "2013.11.12"]
[SourceQuality "1"]

{Through an unusual move-order the game transposed into a fianchetto Dragon
Sicilian, which is not considered to be the most dangerous variation for Black,
but it is more positional than usual. Goganov lashed out with a quick e6-d5
which had never been tried before, and probalby for good reason. Despite
Black's slight compensation, he was after all just down a pawn. Kramnik
consolidated his pawn and proceeded to outplay Goganov in a technical endgame.
} 1. Nf3 Nf6 2. g3 c5 3. Bg2 g6 4. d4 cxd4 5. Nxd4 Bg7 6. e4 O-O 7. Nc3 Nc6 8.
Nde2 e6 (8... d6 {is the normal move.}) 9. O-O d5 10. exd5 Nxd5 11. Nxd5 exd5
12. Qxd5 Qxd5 13. Bxd5 Nb4 14. Bb3 Bh3 15. Re1 Bf5 16. c3 Nd3 17. Rd1 Rfe8 18.
Nf4 Nxc1 19. Raxc1 Bh6 20. Rd4 Rad8 21. Rxd8 Rxd8 22. Rd1 Rxd1+ 23. Bxd1 Be4
24. f3 Bc6 25. Kf2 Kf8 26. Bc2 f5 27. h4 Ke7 28. Bb3 Kf6 29. Bg8 Kg7 30. Bc4
Kf6 31. a3 b6 32. Ba6 Bf8 33. b4 h6 34. Ne2 g5 35. Bc8 Bd5 36. f4 gxh4 37. gxh4
Be4 38. Ng3 Bc2 39. Ba6 Bd6 40. Ke3 Ba4 41. Bc8 Bc2 42. Bd7 Kg6 43. Ne2 Bb1 44.
Nd4 a5 45. Be8+ Kf6 46. h5 axb4 47. axb4 Be4 48. Bc6 Bb1 49. Ba4 Ba2 50. Bb3
Bb1 51. Bc2 Bxc2 52. Nxc2 Ke6 53. Nd4+ Kf6 54. Nb5 Bb8 55. c4 Ke6 56. Nd4+ Kf6
57. c5 bxc5 58. bxc5 Ba7 59. c6 Bb6 60. Kf3 Ba5 61. Nb5 Ke6 62. Ke3 Bb6+ 63.
Kd3 Ke7 64. Nd4 Kf6 65. Kc4 Bc7 66. Ne2 Ke6 67. Kc5 Ke7 68. Kb5 Kd8 69. Nd4 Bd6
70. Kb6 Kc8 71. Ne6 Kb8 72. Kb5 1-0

[Event "RUS-ch 66th"]
[Site "Nizhnij Novgorod"]
[Date "2013.10.14"]
[Round "9"]
[White "Motylev, Alexander"]
[Black "Shomoev, Anton"]
[Result "1-0"]
[WhiteElo "2676"]
[BlackElo "2579"]
[PlyCount "109"]
[EventDate "2013.10.05"]
[EventType "tourn"]
[EventRounds "9"]
[EventCountry "RUS"]
[EventCategory "18"]
[SourceTitle "CBM 157"]
[Source "ChessBase"]
[SourceDate "2013.11.12"]
[SourceVersion "1"]
[SourceVersionDate "2013.11.12"]
[SourceQuality "1"]

1. e4 c5 2. Nf3 d6 3. Bb5+ Nd7 4. O-O Ngf6 5. Re1 a6 6. Bf1 b6 7. c4 Ne5 8. d4
Nxf3+ 9. gxf3 cxd4 10. Qxd4 g6 11. Be3 Bg7 12. Nc3 Rb8 13. Rad1 O-O 14. Qd2 Be6
15. b3 Nd7 16. Bd4 Ne5 17. Qe3 f6 18. Nd5 g5 19. Kh1 Rf7 20. Bxb6 Qd7 21. Bd4
f5 22. Bxe5 f4 23. Nxf4 gxf4 24. Bxf4 Rbf8 25. Bh6 Rxf3 26. Qg5 R8f7 27. Be2
R3f6 28. Bxg7 Rxg7 29. Qh4 Qa7 30. Rxd6 Qc7 31. Rd3 Bf7 32. Rg1 Bg6 33. f3 Qa5
34. Qg5 Qxa2 35. Rd8+ Rf8 36. Qd5+ Rgf7 37. Rxf8+ Kxf8 38. Qd8+ Kg7 39. Qd4+
Rf6 40. Bd1 Qa5 41. f4 e5 42. fxe5 Re6 43. Bh5 Qxe5 44. Qxe5+ Rxe5 45. Bxg6
hxg6 46. Ra1 a5 47. Kg2 Kf6 48. h4 Rh5 49. Kf2 Rxh4 50. Rxa5 Rxe4 51. Rc5 g5
52. b4 g4 53. b5 Ke7 54. b6 Kd6 55. Rc7 1-0

[Event "RUS-ch 66th"]
[Site "Nizhnij Novgorod"]
[Date "2013.10.06"]
[Round "2"]
[White "Shomoev, Anton"]
[Black "Inarkiev, Ernesto"]
[Result "1/2-1/2"]
[WhiteElo "2579"]
[BlackElo "2695"]
[PlyCount "180"]
[EventDate "2013.10.05"]
[EventType "tourn"]
[EventRounds "9"]
[EventCountry "RUS"]
[EventCategory "18"]
[SourceTitle "CBM 157"]
[Source "ChessBase"]
[SourceDate "2013.11.12"]
[SourceVersion "1"]
[SourceVersionDate "2013.11.12"]
[SourceQuality "1"]

1. d4 Nf6 2. c4 e6 3. Nc3 Bb4 4. e3 O-O 5. Bd3 c5 6. Nf3 cxd4 7. exd4 d5 8. O-O
dxc4 9. Bxc4 b6 10. Bg5 Bb7 11. Ne5 Be7 12. Qe2 Nc6 13. Rad1 Rc8 14. Rfe1 Nb4
15. Nxf7 Rxf7 16. Bxe6 Rc7 17. d5 Rd7 18. d6 Rxd6 19. Bxf6 gxf6 20. Rxd6 Bxd6
21. Bxf7+ Kxf7 22. Qe6+ Kf8 23. Rd1 Nd3 24. Rxd3 Bxh2+ 25. Kxh2 Qxd3 26. Qxf6+
Ke8 27. Qe5+ Kd7 28. Nb5 Qd5 29. Qg7+ Kc6 30. Nc3 Qf5 31. Qd4 Kc7 32. a4 Bc6
33. f3 Qh5+ 34. Kg1 Qg5 35. Kf2 Qg6 36. Qe5+ Kb7 37. Qe7+ Kb8 38. Qd8+ Kb7 39.
Qe7+ Kb8 40. Qe5+ Kb7 41. Qe2 Qf6 42. Qc4 a6 43. b4 b5 44. axb5 axb5 45. Qc5
Qh4+ 46. Ke2 Qh2 47. Qg5 Qd6 48. Nxb5 Qxb4 49. Qg7+ Kb6 50. Nd4 Qb2+ 51. Ke3
Qc1+ 52. Kf2 Qd2+ 53. Ne2 Qc2 54. Ke3 Bb5 55. Qf6+ Kb7 56. Qe7+ Kb6 57. Qd6+
Kb7 58. Qd5+ Bc6 59. Qe5 Qb3+ 60. Kf2 Qc2 61. Kg3 Qg6+ 62. Kh2 Kc8 63. Nf4 Qf7
64. Qe6+ Qxe6 65. Nxe6 Bd5 66. Nf4 Bb3 67. Kg3 Kd7 68. Kg4 Ke7 69. Kg5 Kf7 70.
Nh5 Bc2 71. Kh6 Ke6 72. Kg5 Kf7 73. Ng3 Bd3 74. Ne4 Kg7 75. g3 h6+ 76. Kf5 Bc2
77. f4 Bb3 78. Nd6 Ba2 79. Nb5 Kf7 80. Nd4 Bc4 81. Nf3 Bd3+ 82. Ke5 Kg6 83. f5+
Bxf5 84. Nh4+ Kg5 85. Nxf5 h5 86. Ke6 Kg6 87. Ke5 Kg5 88. Nd4 Kg4 89. Ne2 h4
90. gxh4 Kxh4 1/2-1/2

[Event "RUS-ch 66th"]
[Site "Nizhnij Novgorod"]
[Date "2013.10.08"]
[Round "4"]
[White "Svidler, Peter"]
[Black "Andreikin, Dmitry"]
[Result "1-0"]
[WhiteElo "2740"]
[BlackElo "2706"]
[Annotator "Friedel,J"]
[PlyCount "73"]
[EventDate "2013.10.05"]
[EventType "tourn"]
[EventRounds "9"]
[EventCountry "RUS"]
[EventCategory "18"]
[SourceTitle "CBM 157"]
[Source "ChessBase"]
[SourceDate "2013.11.12"]
[SourceVersion "1"]
[SourceVersionDate "2013.11.12"]
[SourceQuality "1"]

{Somehow I always end up annotating Andreikin's games.} 1. e4 e5 2. Nf3 Nc6 3.
Bb5 Nf6 4. d3 d6 5. O-O Bd7 6. c4 {This space grabbing system has been played
quite a few times in recent years.} g6 7. Nc3 Bg7 8. Be3 O-O 9. h3 {The pieces
have all developed to their logical squares, and now Black has to make a
decision.} Nb8 {This move is new, but the idea is a typical one in these
positions. Black offers the bishop trade in order to free up some space.} ({
Another possibility was} 9... Nh5 {trying to play in King's Indian style.}) 10.
Qb3 $5 {White tries to force Black's hand on the queenside, though this move
looks a bit awkward to me.} (10. Rc1 {improves White's position while keeping
the tension, and would probably be my choice.}) 10... c6 (10... Bxb5 11. cxb5 {
and the open c-file would favor White.}) (10... c5 11. Bxd7 Qxd7 {These
positions typically give a slight edge to White, since the e3 bishop is more
active than the g7 one.}) 11. Ba4 Qc8 {The queen ends up being rather
misplaced here.} (11... Qc7 {looks better to me, though it is less forcing
since Bxh3 isn't an idea now.}) 12. Qd1 Na6 13. d4 {White chooses the proper
moment to expand in the center.} exd4 14. Bxd4 Be6 {If White can consolidate,
he'll simply be better. Black's best chance is to take advantage of White's
temporarily awkward pieces.} 15. Qe2 Re8 16. Rad1 Nc5 17. Bc2 {White has
nearly consolidated, and if he succeeds he will have a large advantage due to
the extra space and the weak d6 pawn. Black needs to act immediately.} Ncd7 $2
(17... b5 $1 {was definitely the best chance.} 18. cxb5 cxb5 19. Nxb5 (19. Qxb5
Bxh3 $1 {This shot always has to be covered.} 20. gxh3 Qxh3 21. Qe2 Ncxe4 22.
Nxe4 Qg4+ 23. Kh2 Qh5+ 24. Kg2 Qg4+ $11 {with a perpetual.}) (19. b3 a6 {
and Black should be fine.}) 19... Ncxe4 {and now the position is a complete
mess. I've given a few sample variations.} 20. Bxf6 (20. Bxe4 Bc4 $36) 20...
Bc4 21. Qxe4 $1 Bxb5 (21... Rxe4 22. Nxd6 Qb8 23. Nxe4 Bxf1 (23... Bxf6 24.
Nxf6+ Kg7 25. Nd7 Qxb2 26. Bd3 Bxd3 27. Rxd3 {and White has too many pieces.})
24. Rd8+ Qxd8 25. Bxd8 Bxg2 26. Kxg2 Rxd8 27. b3 {and I think White should
have good winning chances once his pieces get organized.}) 22. Qd5 Bxf6 23.
Bxg6 hxg6 24. Qxb5 Rb8 25. Qa4 Rxb2 26. Rxd6 Re6 27. Rxe6 Qxe6 28. Qxa7 Rxa2 {
and while White can press, Black should draw this comfortably.}) 18. Ng5 $1 {
Now Black is close to lost.} Qc7 19. f4 Qa5 20. a3 h6 21. Nf3 $6 (21. Nxe6 {
This is a simpler way to do it.} Rxe6 22. Qf2 {and White has too much. For
example, if} Rae8 23. b4 $1 Qc7 (23... Qxa3 {Grabbing this pawn gets the queen
trapped.} 24. f5 gxf5 25. exf5 R6e7 26. Ra1 Qxb4 27. Ra4 $18) 24. c5 $1 dxc5
25. bxc5 $18 {Now that the d-pawn has been swept away, a combination of e5 and
f5 will crush Black.}) 21... Nh5 $6 {This active try actually frees White a
bit.} (21... Rad8 {looks more resilient, and I don't see a clear way to
proceed. The problem is that f5 can't be played due to the e-file pin, and the
queen can't go to f2 because c4 is hanging. The computer wants to play Qd3 for
this reason, but you don't have to be an art critic to see why that move isn't
pretty.}) 22. Bxg7 Kxg7 23. Qd2 {and now we see the problem: c4 can't be
captured due to Qd4+.} Qb6+ 24. Rf2 $1 {Most accurate.} (24. Kh2 Bxc4 {is now
with tempo.}) 24... Bxc4 {This loses right away, but Black was busted anyway.}
(24... Qxb2 {was a good practical try, but after the accurate} 25. Qd4+ $1 (25.
f5 gxf5 26. exf5 Bxc4 27. Qd4+ Nhf6 28. Qxc4 Qxa3 {and while Black should
almost certainly get mated, at least White would have to do some work here.})
25... Nhf6 (25... Kg8 26. f5 {is curtains.}) 26. e5 dxe5 27. fxe5 {and Black
has to give up a piece, since if the knight moves Bf5! will be a killer.}) 25.
Na4 Qc7 (25... Qa6 26. Qc3+ Kg8 27. Rxd6 {and Black can resign, since all of
his pieces are bad and his king is weak.}) 26. Qc3+ Nhf6 27. Qxc4 b5 {Svidler
is accurate from here on out.} 28. Qb4 bxa4 29. Rxd6 Rab8 30. Qd2 Red8 31. e5
Ne8 32. Qc3 $1 Nb6 33. Rxc6 Qb7 34. f5 Nd5 35. Qc5 Qxb2 36. fxg6 f6 37. Nd4 {
and Black resigned seeing that he's in no position to stop any of White's
threats, the most important of which being Ne6+.} 1-0